| 000 | 00387nam a2200157Ia 4500 | ||
|---|---|---|---|
| 008 | 210716s2006 xx 000 0 und d | ||
| 020 | _a8131401707 | ||
| 041 | _aeng | ||
| 082 | _a658.4092 RAMV | ||
| 100 | _aRamani, V V. | ||
| 245 | _aLeadeship and HR perspectives. | ||
| 250 | _a1 | ||
| 260 |
_aHyderabad _bICFAI University Press _c2006 |
||
| 300 | _aix,197 | ||
| 650 | _aLeadership | ||
| 999 |
_c202377 _d202377 |
||